Normal view
MARC view
- Ch Avais Hanif
Entry Personal Name
001 - CONTROL NUMBER
- control field: 70325
003 - CONTROL NUMBER IDENTIFIER
- control field: NUST
005 - DATE AND TIME OF LATEST TRANSACTION
- control field: 20210628204430.0
008 - FIXED-LENGTH DATA ELEMENTS
- fixed length control field: 210628|| aca||aabn | a|a d
040 ## - CATALOGING SOURCE
- Original cataloging agency: NUST
- Transcribing agency: NUST
100 ## - HEADING--PERSONAL NAME
- Personal name: Ch Avais Hanif
670 ## - SOURCE DATA FOUND
- Source citation: Work cat.: (NUST): Ch Avais Hanif , TH-SOF-1452-Neural Network based Control of Novel Under actuated Mechanical System, 2017
